[Event "Wch Juvenil 2010 sub18"]
[Site "Porto Carras GRE"]
[Date "2010.10.22"]
[Round "3.12"]
[White "Idani, Pouya"]
[Black "Sieciechowicz, Marcin"]
[Result "1-0"]
[WhiteElo "2278"]
[BlackElo "2443"]
[PlyCount "117"]
[EventDate "2010.10.20"]
[EventType "swiss"]
[EventRounds "11"]
[EventCountry "GRE"]
[Source "lmi"]
[SourceDate "2010.10.20"]

1. e4 e6 2. d4 d5 3. Nd2 dxe4 4. Nxe4 Nd7 5. Nf3 Ngf6 6. Bg5 h6 7. Nxf6+ Nxf6
8. Bxf6 Qxf6 9. Bd3 g6 10. Qe2 Bg7 11. O-O O-O 12. c3 Qe7 13. Rfe1 Rd8 14. Bc4
c6 15. Rad1 b6 16. Ne5 Bb7 17. Qg4 Qg5 18. Qe4 Qf5 19. Qxf5 gxf5 20. f4 Rd6 21.
Be2 Rc8 22. Bh5 Rc7 23. Kf2 Kf8 24. a4 Rd5 25. Bf3 Rd8 26. b4 Rdc8 27. Rb1 Ba8
28. Nd3 Bf6 29. Ra1 a5 30. bxa5 bxa5 31. Rab1 Be7 32. Re5 Ra7 33. Rb6 Bd6 34.
Re1 Bc7 35. Rb2 Bd6 36. Reb1 Ke7 37. Rb6 Bc7 38. R6b2 Bd6 39. Ne5 f6 40. Nd3
Kd7 41. c4 Rd8 42. Re1 Rb7 43. Reb1 Kc8 44. Ke3 Rbd7 45. Rb6 Bc7 46. Ra6 Bb7
47. Rxb7 Kxb7 48. Nc5+ Kc8 49. Bxc6 Bxf4+ 50. Kxf4 Rxd4+ 51. Kf3 R8d6 52. Bb5
e5 53. Rxa5 Rd1 54. Ra8+ Kc7 55. a5 R6d2 56. Re8 Rf1+ 57. Kg3 Ra2 58. Ne6+ Kd6
59. c5+ 1-0

[Event "Wch Juvenil 2010 sub18"]
[Site "Porto Carras GRE"]
[Date "2010.10.22"]
[Round "3.13"]
[White "Terry, Renato"]
[Black "Klein, David"]
[Result "0-1"]
[WhiteElo "2434"]
[BlackElo "2299"]
[PlyCount "112"]
[EventDate "2010.10.20"]
[EventType "swiss"]
[EventRounds "11"]
[EventCountry "GRE"]
[Source "lmi"]
[SourceDate "2010.10.20"]

1. Nf3 Nf6 2. d4 g6 3. Nbd2 d5 4. e3 Bg7 5. b4 O-O 6. Bb2 Ne4 7. Bd3 Nxd2 8.
Qxd2 Nd7 9. c4 dxc4 10. Bxc4 Nb6 11. Bb3 Bg4 12. h3 Bxf3 13. gxf3 Qd7 14. Rc1
Rad8 15. Qc2 Nd5 16. a3 c6 17. h4 h5 18. Kf1 e6 19. Rd1 Qc7 20. Bc1 Ne7 21. Bb2
Nf5 22. Rd3 a5 23. Ke2 axb4 24. axb4 Rd7 25. Qc5 Rfd8 26. f4 b6 27. Qc2 c5 28.
Rh2 Qa7 29. Ba4 Rc7 30. Qd1 Qa8 31. Ra3 cxd4 32. Bc2 Qc8 33. Bxf5 exf5 34. Bxd4
Bxd4 35. exd4 Rc2+ 36. Kf3 Rc3+ 37. Rxc3 Qxc3+ 38. Kg2 Rxd4 39. Qf3 Qxf3+ 40.
Kxf3 Rxb4 41. Rh1 Rb3+ 42. Kg2 b5 43. Ra1 b4 44. Ra6 Rc3 45. Rb6 b3 46. Rb8+
Kg7 47. Rb6 Kf8 48. Rb7 Rd3 49. Kf1 Ke8 50. Ke2 Rc3 51. f3 Rc2+ 52. Ke3 b2 53.
Kd4 Re2 54. Kd3 Rh2 55. Ke3 Kd8 56. Rb3 Kc7 0-1

[Event "Wch Juvenil 2010 sub18"]
[Site "Porto Carras GRE"]
[Date "2010.10.22"]
[Round "3.15"]
[White "Nitin, S."]
[Black "Lozhnikov, Vyacheslav"]
[Result "1/2-1/2"]
[WhiteElo "2413"]
[BlackElo "2288"]
[PlyCount "72"]
[EventDate "2010.10.20"]
[EventType "swiss"]
[EventRounds "11"]
[EventCountry "GRE"]
[Source "lmi"]
[SourceDate "2010.10.20"]

1. e4 c5 2. Nf3 d6 3. d4 cxd4 4. Nxd4 Nf6 5. Nc3 a6 6. Be3 e6 7. g4 e5 8. Nf5
h5 9. g5 Nxe4 10. Nxg7+ Bxg7 11. Nxe4 d5 12. Ng3 d4 13. Bd2 Qd5 14. c4 Qc6 15.
Bd3 Bg4 16. Qc2 Nd7 17. Be4 Qc7 18. Nf5 Bxf5 19. Bxf5 O-O-O 20. O-O Kb8 21.
Rac1 Nc5 22. b4 d3 23. Qb1 Ne6 24. Bxe6 fxe6 25. b5 Ka8 26. c5 e4 27. c6 b6 28.
Rc4 Rd4 29. Qb3 Qf7 30. Rxd4 Qf5 31. h3 Qxh3 32. Rxe4 Be5 33. Bf4 Bxf4 34. Rxf4
Rg8 35. Rf8+ Ka7 36. Rxg8 Qg4+ 1/2-1/2

[Event "Wch Juvenil 2010 sub18"]
[Site "Porto Carras GRE"]
[Date "2010.10.22"]
[Round "3.17"]
[White "Dounis, Alexandros"]
[Black "Espinosa Aranda, Angel"]
[Result "0-1"]
[WhiteElo "2207"]
[BlackElo "2403"]
[PlyCount "30"]
[EventDate "2010.10.20"]
[EventType "swiss"]
[EventRounds "11"]
[EventCountry "GRE"]
[Source "lmi"]
[SourceDate "2010.10.20"]

1. c4 e5 2. Nc3 Nf6 3. Nf3 Nc6 4. e3 Bb4 5. Qc2 Bxc3 6. Qxc3 Qe7 7. a3 d5 8. d4
exd4 9. Nxd4 Nxd4 10. Qxd4 O-O 11. cxd5 Rd8 12. Qh4 Rxd5 13. Qg3 Ne4 14. Qf3
Rf5 15. Qe2 Rxf2 0-1

[Event "Wch Juvenil 2010 sub18"]
[Site "Porto Carras GRE"]
[Date "2010.10.22"]
[Round "3.18"]
[White "Radusinovic, Lazar"]
[Black "Arslanov, Shamil"]
[Result "1/2-1/2"]
[WhiteElo "2257"]
[BlackElo "2383"]
[PlyCount "37"]
[EventDate "2010.10.20"]
[EventType "swiss"]
[EventRounds "11"]
[EventCountry "GRE"]
[Source "lmi"]
[SourceDate "2010.10.20"]

1. d4 d5 2. c4 e6 3. Nf3 c6 4. e3 f5 5. Nc3 Nf6 6. Bd3 Bd6 7. O-O O-O 8. Qb3
Kh8 9. Ne2 Ne4 10. Bd2 Nxd2 11. Nxd2 Nd7 12. f4 b6 13. Rac1 Bb7 14. cxd5 cxd5
15. Nf3 Nf6 16. h3 Ne4 17. Qa4 a6 18. Qb3 b5 19. a3 1/2-1/2

[Event "Wch Juvenil 2010 sub18"]
[Site "Porto Carras GRE"]
[Date "2010.10.23"]
[Round "4.1"]
[White "Durarbeyli, Vasif"]
[Black "Ter-Sahakyan, Samvel"]
[Result "0-1"]
[WhiteElo "2495"]
[BlackElo "2516"]
[PlyCount "74"]
[EventDate "2010.10.20"]
[EventType "swiss"]
[EventRounds "11"]
[EventCountry "GRE"]
[Source "lmi"]
[SourceDate "2010.10.20"]

1. e4 c5 2. Nf3 d6 3. d4 Nf6 4. Nc3 cxd4 5. Nxd4 a6 6. Bg5 e6 7. f4 Qb6 8. Nb3
Be7 9. Qf3 Nbd7 10. O-O-O Qc7 11. Bd3 b5 12. a3 Bb7 13. Bh4 Nc5 14. Bf2 O-O 15.
Rhe1 Nxb3+ 16. cxb3 d5 17. Kb1 b4 18. axb4 Bxb4 19. e5 Bxc3 20. Rc1 Ne4 21.
Bxe4 dxe4 22. Rxc3 exf3 23. Rxc7 Rfb8 24. gxf3 Bxf3 25. Rec1 h6 26. R1c3 Bd5
27. Ka2 Rb4 28. Be3 Ra4+ 29. Kb1 Be4+ 30. Kc1 Ra1+ 31. Kd2 Rh1 32. Bf2 Rxh2 33.
Ke2 Rh1 34. Be1 h5 35. b4 h4 36. Re3 h3 37. Rxe4 Rxe1+ 0-1

[Event "Wch Juvenil 2010 sub18"]
[Site "Porto Carras GRE"]
[Date "2010.10.23"]
[Round "4.2"]
[White "Yilmaz, Mustafa"]
[Black "Belous, Vladimir"]
[Result "0-1"]
[WhiteElo "2482"]
[BlackElo "2498"]
[PlyCount "68"]
[EventDate "2010.10.20"]
[EventType "swiss"]
[EventRounds "11"]
[EventCountry "GRE"]
[Source "lmi"]
[SourceDate "2010.10.20"]

1. e4 c5 2. Nf3 Nc6 3. d4 cxd4 4. Nxd4 e5 5. Nb5 d6 6. N1c3 a6 7. Na3 b5 8. Nd5
Nce7 9. Bg5 f6 10. Be3 Nxd5 11. exd5 f5 12. c4 Nf6 13. cxb5 Be7 14. bxa6 O-O
15. Be2 f4 16. Bd2 Ne4 17. O-O f3 18. Bxf3 Nxd2 19. Qxd2 Rxf3 20. gxf3 Bg5 21.
f4 Bxf4 22. Qe2 Qg5+ 23. Kh1 Bxa6 24. Qf3 Qh6 25. Qg2 Rf8 26. f3 Rf5 27. Qc2
Bxh2 28. Qxh2 Rh5 29. Rf2 Rxh2+ 30. Rxh2 Qe3 31. Nc2 Qxf3+ 32. Kg1 Qxd5 33. Rf2
Bb7 34. Kh2 Qe4 0-1

[Event "Wch Juvenil 2010 sub18"]
[Site "Porto Carras GRE"]
[Date "2010.10.23"]
[Round "4.3"]
[White "Firat, Burak"]
[Black "Zierk, Steven C"]
[Result "0-1"]
[WhiteElo "2424"]
[BlackElo "2391"]
[PlyCount "102"]
[EventDate "2010.10.20"]
[EventType "swiss"]
[EventRounds "11"]
[EventCountry "GRE"]
[Source "lmi"]
[SourceDate "2010.10.20"]

1. e4 e6 2. d4 d5 3. Nc3 Bb4 4. e5 c5 5. a3 Bxc3+ 6. bxc3 Qa5 7. Bd2 Qa4 8. Qb1
c4 9. h4 Nc6 10. h5 h6 11. Nh3 Bd7 12. Nf4 O-O-O 13. g3 f6 14. Bh3 fxe5 15.
Nxe6 Bxe6 16. Bxe6+ Kb8 17. dxe5 Re8 18. Bxg8 Rhxg8 19. O-O Nxe5 20. Qd1 Qd7
21. Re1 Ka8 22. Bf4 Nc6 23. Qf3 Qf5 24. Re2 d4 25. Rd1 Rd8 26. Re4 dxc3 27.
Rde1 Qa5 28. Rxc4 Nd4 29. Qe4 Nb5 30. Rb4 Qa6 31. a4 Nd6 32. Qg6 Qc6 33. Rd4
Rde8 34. Rb1 Ne4 35. Qxc6 bxc6 36. a5 Nf6 37. Bd6 Ne4 38. Bf4 Nf6 39. Bd6 Ne4
40. Bc7 Nd2 41. Rd1 Nf3+ 42. Kf1 Nxd4 43. Rxd4 Re7 44. Bf4 Kb7 45. Rc4 Rd8 46.
a6+ Kb6 47. Be3+ Rxe3 48. fxe3 Rd1+ 49. Ke2 Rd2+ 50. Ke1 Rxc2 51. Rg4 Rh2 0-1

[Event "Wch Juvenil 2010 sub18"]
[Site "Porto Carras GRE"]
[Date "2010.10.23"]
[Round "4.4"]
[White "Nuri, Kambez"]
[Black "Salem, A."]
[Result "1/2-1/2"]
[WhiteElo "2280"]
[BlackElo "2501"]
[PlyCount "84"]
[EventDate "2010.10.20"]
[EventType "swiss"]
[EventRounds "11"]
[EventCountry "GRE"]
[Source "lmi"]
[SourceDate "2010.10.20"]

1. e4 c5 2. Nc3 Nc6 3. f4 g6 4. Nf3 Bg7 5. Bb5 Nd4 6. O-O Nxb5 7. Nxb5 a6 8.
Nc3 d6 9. d3 Nf6 10. Qe1 O-O 11. Qh4 b5 12. f5 b4 13. Ne2 Re8 14. Bh6 Ra7 15.
Ng5 Bh8 16. Rf3 d5 17. e5 Bxf5 18. Ng3 Bc8 19. Raf1 Qd7 20. exf6 exf6 21. Nxh7
Kxh7 22. Be3+ Kg8 23. Nh5 Qe7 24. Bc1 gxh5 25. Rg3+ Bg4 26. Qxh5 f5 27. Qxf5
Qe6 28. Rxg4+ Kf8 29. Qg5 Bd4+ 30. Kh1 Rd7 31. h3 a5 32. Bd2 Bxb2 33. Re1 Qxe1+
34. Bxe1 Rxe1+ 35. Kh2 Be5+ 36. g3 Re2+ 37. Kh1 Rd6 38. Qh5 Re1+ 39. Kg2 Rf6
40. Re4 dxe4 41. Qxe5 Re2+ 42. Kg1 Re1+ 1/2-1/2

[Event "Wch Juvenil 2010 sub18"]
[Site "Porto Carras GRE"]
[Date "2010.10.23"]
[Round "4.5"]
[White "Baron, Tal"]
[Black "Mammadov, Ayaz Arzu"]
[Result "1/2-1/2"]
[WhiteElo "2455"]
[BlackElo "2358"]
[PlyCount "46"]
[EventDate "2010.10.20"]
[EventType "swiss"]
[EventRounds "11"]
[EventCountry "GRE"]
[Source "lmi"]
[SourceDate "2010.10.20"]

1. e4 e5 2. Nf3 Nc6 3. Bb5 a6 4. Ba4 d6 5. c3 Bd7 6. d4 g6 7. Bg5 f6 8. Be3 Nh6
9. O-O Bg7 10. dxe5 dxe5 11. c4 O-O 12. Nc3 Bg4 13. Qd5+ Kh8 14. Ne1 Nd4 15. f3
Be6 16. Qxb7 Bxc4 17. Rf2 Rb8 18. Qa7 Qd6 19. Rd1 f5 20. b3 Ra8 21. Qb7 Rab8
22. Qa7 Ra8 23. Qb7 Rab8 1/2-1/2

[Event "Wch Juvenil 2010 sub18"]
[Site "Porto Carras GRE"]
[Date "2010.10.23"]
[Round "4.6"]
[White "Espinosa Aranda, Angel"]
[Black "Klein, David"]
[Result "1/2-1/2"]
[WhiteElo "2403"]
[BlackElo "2299"]
[PlyCount "48"]
[EventDate "2010.10.20"]
[EventType "swiss"]
[EventRounds "11"]
[EventCountry "GRE"]
[Source "lmi"]
[SourceDate "2010.10.20"]

1. e4 c5 2. Nf3 d6 3. d4 cxd4 4. Nxd4 Nf6 5. Nc3 a6 6. Bg5 e6 7. f4 Nbd7 8. Qe2
Qc7 9. O-O-O b5 10. a3 Bb7 11. g4 Be7 12. Bh4 h6 13. Rg1 Rb8 14. Bg2 g5 15.
fxg5 hxg5 16. Bxg5 Ne5 17. h3 Nfd7 18. Bxe7 Kxe7 19. Rgf1 Rbg8 20. Qf2 Ba8 21.
Nf3 Qc5 22. Nxe5 Qxf2 23. Rxf2 Nxe5 24. Rdf1 Rg7 1/2-1/2

[Event "Wch Juvenil 2010 sub18"]
[Site "Porto Carras GRE"]
[Date "2010.10.23"]
[Round "4.7"]
[White "Mazur, Stefan"]
[Black "Idani, Pouya"]
[Result "1/2-1/2"]
[WhiteElo "2402"]
[BlackElo "2278"]
[PlyCount "71"]
[EventDate "2010.10.20"]
[EventType "swiss"]
[EventRounds "11"]
[EventCountry "GRE"]
[Source "lmi"]
[SourceDate "2010.10.20"]

1. e4 c5 2. Nf3 d6 3. d4 cxd4 4. Nxd4 Nf6 5. Nc3 a6 6. Be2 e5 7. Nb3 Be7 8. Bg5
Be6 9. Bxf6 Bxf6 10. Qd3 Nc6 11. O-O-O Nd4 12. Nxd4 exd4 13. Nd5 Bxd5 14. exd5
O-O 15. Qf3 Bg5+ 16. Kb1 Qf6 17. h4 Qxf3 18. Bxf3 Bf6 19. g3 Rfe8 20. Rhe1 Kf8
21. Rxe8+ Rxe8 22. Kc1 Ke7 23. Rd3 Kd8 24. Rb3 Kc7 25. Bh5 Re7 26. Rf3 Kb6 27.
Kd1 Kc5 28. Rf5 h6 29. a3 a5 30. Rf3 b5 31. Rf5 b4 32. axb4+ axb4 33. Kd2 Rb7
34. g4 Bxh4 35. Rxf7 Rxf7 36. Bxf7 1/2-1/2

[Event "Wch Juvenil 2010 sub18"]
[Site "Porto Carras GRE"]
[Date "2010.10.23"]
[Round "4.8"]
[White "Sethuraman, S P."]
[Black "Priyadharshan, K."]
[Result "1-0"]
[WhiteElo "2535"]
[BlackElo "2357"]
[PlyCount "75"]
[EventDate "2010.10.20"]
[EventType "swiss"]
[EventRounds "11"]
[EventCountry "GRE"]
[Source "lmi"]
[SourceDate "2010.10.20"]

1. Nf3 Nf6 2. g3 b5 3. Bg2 Bb7 4. Na3 a6 5. c4 b4 6. Nc2 c5 7. O-O e6 8. d4 Qc8
9. d5 exd5 10. cxd5 Bxd5 11. e4 Bxe4 12. Re1 d5 13. Bg5 Be7 14. Bxf6 gxf6 15.
Nh4 f5 16. Bxe4 dxe4 17. Qd5 Bxh4 18. Qe5+ Kd7 19. Nxb4 Nc6 20. Qxf5+ Ke8 21.
Qxe4+ Kf8 22. Nxc6 Bf6 23. Qd5 Kg7 24. Ne7 Qh3 25. Nf5+ Kg6 26. Nd6 Rhf8 27.
Qxc5 Rab8 28. Rad1 Rxb2 29. Ne8 Qf5 30. Qxf5+ Kxf5 31. Rd5+ Kg6 32. Rd6 Rxe8
33. Rxe8 Rxa2 34. Ra8 Ra5 35. Rdxa6 Rf5 36. Rg8+ Kh6 37. g4 Rxf2 38. g5+ 1-0

[Event "Wch Juvenil 2010 sub18"]
[Site "Porto Carras GRE"]
[Date "2010.10.23"]
[Round "4.9"]
[White "Shimanov, Aleksandr"]
[Black "Tsyhanchuk, Stanislav"]
[Result "1/2-1/2"]
[WhiteElo "2512"]
[BlackElo "2328"]
[PlyCount "97"]
[EventDate "2010.10.20"]
[EventType "swiss"]
[EventRounds "11"]
[EventCountry "GRE"]
[Source "lmi"]
[SourceDate "2010.10.20"]

1. d4 Nf6 2. Nf3 e6 3. c4 Nc6 4. g3 Bb4+ 5. Bd2 Qe7 6. Nc3 d6 7. d5 Bxc3 8.
Bxc3 Nb8 9. Bg2 e5 10. Qc2 a5 11. O-O Nbd7 12. b3 O-O 13. e4 Nh5 14. Nd2 Qg5
15. Nf3 Qe7 16. Ne1 f5 17. Qe2 Qf7 18. Nd3 fxe4 19. Bxe4 Ndf6 20. Bg2 e4 21.
Ne1 Bg4 22. f3 exf3 23. Nxf3 Qd7 24. Qb2 Ne4 25. Ne5 dxe5 26. Bxe4 Bh3 27.
Rxf8+ Rxf8 28. Bxe5 Qg4 29. Bg2 Bxg2 30. Qxg2 Re8 31. h3 Qf5 32. Bxc7 Qd3 33.
Rf1 Nf6 34. Bf4 Re2 35. Qf3 Qd4+ 36. Kh1 Rxa2 37. d6 h5 38. Rd1 Ra1 39. Bc1 Qe5
40. Bf4 Qd4 41. Bc1 Qe5 42. Qd3 Ra2 43. Bd2 Qe6 44. Kg2 Qe5 45. Rf1 Qe4+ 46.
Rf3 Qc6 47. Kh2 Rxd2+ 48. Qxd2 Qxf3 49. d7 1/2-1/2

[Event "Wch Juvenil 2010 sub18"]
[Site "Porto Carras GRE"]
[Date "2010.10.23"]
[Round "4.10"]
[White "Grandelius, Nils"]
[Black "Koohestani, Sh"]
[Result "1/2-1/2"]
[WhiteElo "2500"]
[BlackElo "2344"]
[PlyCount "61"]
[EventDate "2010.10.20"]
[EventType "swiss"]
[EventRounds "11"]
[EventCountry "GRE"]
[Source "lmi"]
[SourceDate "2010.10.20"]

1. d4 Nf6 2. c4 e6 3. Nf3 b6 4. g3 Bb7 5. Bg2 Be7 6. O-O O-O 7. d5 exd5 8. Nh4
c6 9. cxd5 Nxd5 10. Nf5 Nc7 11. e4 d5 12. Nc3 Bf6 13. exd5 Nxd5 14. Nxd5 cxd5
15. Ne3 Na6 16. Nxd5 Nc5 17. Re1 Rc8 18. Rb1 Ba6 19. b4 Nd3 20. Re3 Rxc1 21.
Rxc1 Nxc1 22. Qxc1 Bg5 23. f4 Bf6 24. Nxf6+ Qxf6 25. Re5 Qd6 26. b5 Bc8 27. Bd5
Bd7 28. Bb3 Qd4+ 29. Kg2 Re8 30. Qc4 Qxc4 31. Rxe8+ 1/2-1/2

[Event "Wch Juvenil 2010 sub18"]
[Site "Porto Carras GRE"]
[Date "2010.10.23"]
[Round "4.11"]
[White "Cruz, Cristhian"]
[Black "Gemy, Jose Daniel"]
[Result "1-0"]
[WhiteElo "2497"]
[BlackElo "2325"]
[PlyCount "93"]
[EventDate "2010.10.20"]
[EventType "swiss"]
[EventRounds "11"]
[EventCountry "GRE"]
[Source "lmi"]
[SourceDate "2010.10.20"]

1. d4 Nf6 2. c4 e6 3. Nc3 Bb4 4. Qc2 c5 5. dxc5 Bxc5 6. Nf3 Nc6 7. Bg5 h6 8.
Bh4 d5 9. cxd5 Nb4 10. Qb3 Qb6 11. e4 O-O 12. Be2 exd5 13. Bxf6 Bxf2+ 14. Kf1
gxf6 15. exd5 Bc5 16. a3 Na6 17. Qxb6 axb6 18. Rd1 Bd7 19. d6 Be6 20. Ne4 f5
21. Nf6+ Kh8 22. b4 Be3 23. g3 Nb8 24. Rd3 Bc1 25. Kf2 Bb2 26. Nd5 Rxa3 27.
Nxb6 Ra6 28. d7 Rd8 29. Rd6 Ra2 30. Rhd1 Ba3 31. Nd4 Bxb4 32. Nxe6 fxe6 33.
Rxe6 Bc5+ 34. Kf3 Bxb6 35. Rxh6+ Kg7 36. Rxb6 Nc6 37. Rxb7 Ne5+ 38. Ke3 Kf6 39.
Rb6+ Ke7 40. Rb5 Ke6 41. Rb6+ Ke7 42. Rd5 Nxd7 43. Rb7 Ra3+ 44. Kf4 Ke6 45. Rd4
Ra5 46. Bc4+ Ke7 47. Bb5 1-0

[Event "Wch Juvenil 2010 sub18"]
[Site "Porto Carras GRE"]
[Date "2010.10.23"]
[Round "4.13"]
[White "Massoni, Michael"]
[Black "Arribas Lopez, Angel"]
[Result "0-1"]
[WhiteElo "2299"]
[BlackElo "2454"]
[PlyCount "98"]
[EventDate "2010.10.20"]
[EventType "swiss"]
[EventRounds "11"]
[EventCountry "GRE"]
[Source "lmi"]
[SourceDate "2010.10.20"]

1. e4 c5 2. Nf3 d6 3. d4 cxd4 4. Nxd4 Nf6 5. Nc3 e6 6. Be2 a6 7. a4 Be7 8. Be3
O-O 9. O-O Qc7 10. f4 b6 11. Bf3 Bb7 12. Qe2 Nc6 13. Nb3 Rfe8 14. g4 Bf8 15. g5
Nd7 16. Bg2 Rad8 17. Qh5 g6 18. Qh3 Nb4 19. Nd4 Bg7 20. Rf2 e5 21. fxe5 Nxe5
22. Raf1 Rf8 23. Nf3 Bc8 24. Qg3 Ng4 25. Re2 Nxe3 26. Rxe3 Qc5 27. Qf2 Nxc2 28.
Rd3 Nb4 29. Rd2 Bg4 30. Rfd1 Be5 31. Nd5 Nxd5 32. Rxd5 Qxf2+ 33. Kxf2 Bxb2 34.
Rxd6 Rxd6 35. Rxd6 Ba3 36. Rd2 Re8 37. Kg3 Bc8 38. e5 Kg7 39. h4 b5 40. axb5
axb5 41. Bf1 b4 42. Bc4 Re7 43. Rd8 Rc7 44. Bd5 Bb2 45. Kf4 Bc1+ 46. Kg3 Be3
47. Ba2 Bf5 48. Nd4 Bxd4 49. Rxd4 b3 0-1

[Event "Wch Juvenil 2010 sub18"]
[Site "Porto Carras GRE"]
[Date "2010.10.23"]
[Round "4.14"]
[White "Anwesh, Upadhyaya"]
[Black "Larmuseau, Maarten"]
[Result "1-0"]
[WhiteElo "2420"]
[BlackElo "2271"]
[PlyCount "93"]
[EventDate "2010.10.20"]
[EventType "swiss"]
[EventRounds "11"]
[EventCountry "GRE"]
[Source "lmi"]
[SourceDate "2010.10.20"]

1. d4 Nf6 2. c4 e6 3. g3 c5 4. d5 exd5 5. cxd5 d6 6. Nc3 g6 7. Nf3 Bg7 8. Bg2
O-O 9. O-O a6 10. a4 Re8 11. Nd2 Nbd7 12. h3 Rb8 13. Nc4 Ne5 14. Na3 Nh5 15. e4
Bd7 16. g4 b5 17. axb5 axb5 18. Naxb5 Bxb5 19. Nxb5 Rxb5 20. gxh5 Qh4 21. hxg6
Nxg6 22. Qe2 Rb4 23. f4 Bd4+ 24. Kh1 f5 25. Ra3 Qf6 26. Qh5 fxe4 27. f5 Qh4 28.
Qe2 Nf8 29. f6 Kh8 30. f7 Reb8 31. Rf4 Qh6 32. Rg3 Ng6 33. Rf1 e3 34. Bxe3 Bxe3
35. Rxe3 Rf8 36. Re8 Ne5 37. Qh5 Qg7 38. Qg5 Rb8 39. Rxb8 Rxb8 40. Qe7 Rf8 41.
Qxd6 Ng6 42. Qxc5 Qxb2 43. d6 Qe5 44. Qb4 Qe6 45. d7 Qe7 46. Qd4+ Ne5 47. Re1
1-0

[Event "Wch Juvenil 2010 sub18"]
[Site "Porto Carras GRE"]
[Date "2010.10.23"]
[Round "4.15"]
[White "Lovik, Lasse Ostebo"]
[Black "Nitin, S."]
[Result "1/2-1/2"]
[WhiteElo "2298"]
[BlackElo "2413"]
[PlyCount "99"]
[EventDate "2010.10.20"]
[EventType "swiss"]
[EventRounds "11"]
[EventCountry "GRE"]
[Source "lmi"]
[SourceDate "2010.10.20"]

1. d4 Nf6 2. c4 g6 3. g3 Bg7 4. Bg2 O-O 5. Nc3 d6 6. Nf3 Nc6 7. O-O a6 8. Qd3
e5 9. dxe5 dxe5 10. Qxd8 Rxd8 11. Bg5 Re8 12. Rfd1 h6 13. Bxf6 Bxf6 14. Nd2 Bd8
15. Rac1 f5 16. Bd5+ Kg7 17. Nb3 Bg5 18. e3 Nd8 19. c5 e4 20. Na5 Rb8 21. Bb3
Nf7 22. Nd5 Bd8 23. c6 b6 24. Nb7 Bxb7 25. cxb7 c5 26. Nc7 Bxc7 27. Rd7 Be5 28.
Rxf7+ Kh8 29. Rd1 b5 30. a4 c4 31. axb5 axb5 32. Ba2 Bxb2 33. Rd5 Re5 34. Rdd7
Rc5 35. Rc7 Rxc7 36. Rxc7 Be5 37. Rc5 Bd6 38. Rxb5 c3 39. Bb3 Kg7 40. Kf1 Kf6
41. Ke2 Rd8 42. Rd5 Ke7 43. Kd1 Be5 44. Rxd8 Kxd8 45. Bf7 g5 46. Bg6 f4 47.
Bxe4 fxe3 48. fxe3 h5 49. Ke2 h4 50. h3 1/2-1/2

[Event "Wch Juvenil 2010 sub18"]
[Site "Porto Carras GRE"]
[Date "2010.10.23"]
[Round "4.16"]
[White "Iljiushenok, Ilia"]
[Black "Nikolashvili, Giorgi"]
[Result "1-0"]
[WhiteElo "2412"]
[BlackElo "2294"]
[PlyCount "95"]
[EventDate "2010.10.20"]
[EventType "swiss"]
[EventRounds "11"]
[EventCountry "GRE"]
[Source "lmi"]
[SourceDate "2010.10.20"]

1. e4 c5 2. Nf3 d6 3. c3 Nf6 4. Be2 g6 5. O-O Bg7 6. Bb5+ Nbd7 7. Re1 a6 8. Bf1
Ne5 9. d4 Nxf3+ 10. Qxf3 cxd4 11. cxd4 O-O 12. Nc3 Bg4 13. Qg3 Be6 14. Bg5 Nh5
15. Qe3 Re8 16. Rad1 Qb6 17. Rd2 Rac8 18. h3 Qa5 19. a3 Nf6 20. f4 h6 21. Bh4
Bb3 22. Rf2 e6 23. g4 Qb6 24. e5 Nd5 25. Nxd5 Bxd5 26. Bg3 f5 27. Kh2 Rc7 28.
Bg2 Bxg2 29. Rxg2 d5 30. Reg1 Kh7 31. Be1 Rc6 32. h4 Re7 33. Bb4 Rf7 34. h5
gxh5 35. gxh5 Qd8 36. Qg3 Qd7 37. Bf8 Rxf8 38. Qxg7+ Qxg7 39. Rxg7+ Kh8 40.
Rxb7 Rc4 41. Rg6 Rxd4 42. Rxh6+ Kg8 43. Kg3 Re8 44. Rhh7 Rd3+ 45. Kh4 Rf3 46.
Rbg7+ Kf8 47. h6 Rxf4+ 48. Kh5 1-0

[Event "Wch Juvenil 2010 sub18"]
[Site "Porto Carras GRE"]
[Date "2010.10.23"]
[Round "4.18"]
[White "Lozhnikov, Vyacheslav"]
[Black "Jorczik, Julian"]
[Result "1-0"]
[WhiteElo "2288"]
[BlackElo "2398"]
[PlyCount "105"]
[EventDate "2010.10.20"]
[EventType "swiss"]
[EventRounds "11"]
[EventCountry "GRE"]
[Source "lmi"]
[SourceDate "2010.10.20"]

1. d4 Nf6 2. c4 e6 3. Nc3 Bb4 4. Qc2 O-O 5. a3 Bxc3+ 6. Qxc3 d5 7. Nf3 dxc4 8.
Qxc4 b6 9. g3 Bb7 10. Bg2 Nbd7 11. O-O c5 12. Rd1 Bd5 13. Qc3 Ne4 14. Qe3 Rc8
15. Bd2 Ndf6 16. Be1 Qc7 17. dxc5 Ng4 18. Qf4 Qxf4 19. gxf4 Nxc5 20. Bb4 a5 21.
Bxc5 Rxc5 22. Nd4 Bxg2 23. Kxg2 Rfc8 24. Nb3 Rb5 25. Rac1 Ra8 26. Nd2 Nf6 27.
Rc2 g6 28. Nf3 a4 29. e3 Ne4 30. Rd4 Rc5 31. Rxc5 Nxc5 32. Rd6 Rb8 33. Ne5 Kf8
34. Rc6 Rb7 35. Rc8+ Ke7 36. Rc6 f6 37. Nc4 Nd7 38. Kf3 b5 39. Nd2 h5 40. Ne4
Rb8 41. Rc7 Kd8 42. Ra7 Rb6 43. Ra8+ Ke7 44. Ra5 b4 45. Rxa4 f5 46. Ng5 bxa3
47. bxa3 e5 48. Ra7 exf4 49. Kxf4 Rb2 50. Nh3 Rb1 51. Kg3 Ra1 52. Kg2 h4 53.
Ng5 1-0

[Event "Wch Juvenil 2010 sub18"]
[Site "Porto Carras GRE"]
[Date "2010.10.24"]
[Round "5.1"]
[White "Ter-Sahakyan, Samvel"]
[Black "Zierk, Steven C"]
[Result "1/2-1/2"]
[WhiteElo "2516"]
[BlackElo "2391"]
[PlyCount "78"]
[EventDate "2010.10.20"]
[EventType "swiss"]
[EventRounds "11"]
[EventCountry "GRE"]
[Source "lmi"]
[SourceDate "2010.10.20"]

1. e4 e6 2. d4 d5 3. Nd2 Nf6 4. e5 Nfd7 5. Bd3 c5 6. c3 Nc6 7. Ne2 cxd4 8. cxd4
f6 9. exf6 Nxf6 10. O-O Bd6 11. Nf3 O-O 12. Bf4 Bxf4 13. Nxf4 Ne4 14. Qc1 Qf6
15. Ne2 e5 16. Bxe4 dxe4 17. Nxe5 Nxe5 18. dxe5 Qxe5 19. Qc3 Re8 20. Rfe1 Bd7
21. Qxe5 Rxe5 22. Nc3 Bc6 23. Re3 Rd8 24. Rae1 Rd2 25. R3e2 Rxe2 26. Rxe2 Re8
27. Kf1 Kf7 28. Ke1 Kf6 29. Nd1 Bd5 30. a3 Bc4 31. Re3 Bd5 32. Rc3 Re7 33. Rc5
Re5 34. Ne3 Be6 35. Rc2 Rb5 36. Kd2 Rb3 37. Kc1 Rd3 38. Rc7 Rd7 39. Rc3 Ke5
1/2-1/2

[Event "Wch Juvenil 2010 sub18"]
[Site "Porto Carras GRE"]
[Date "2010.10.24"]
[Round "5.3"]
[White "Salem, A."]
[Black "Arslanov, Shamil"]
[Result "1-0"]
[WhiteElo "2501"]
[BlackElo "2383"]
[PlyCount "41"]
[EventDate "2010.10.20"]
[EventType "swiss"]
[EventRounds "11"]
[EventCountry "GRE"]
[Source "lmi"]
[SourceDate "2010.10.20"]

1. d4 d5 2. c4 dxc4 3. Nf3 Nf6 4. Nc3 e6 5. Bg5 c6 6. e4 b5 7. e5 h6 8. Bh4 g5
9. exf6 gxh4 10. Ne5 Qxf6 11. g3 Nd7 12. Qe2 c5 13. Nc6 Bg7 14. Nd5 Qg5 15. Bg2
Kf8 16. f4 Qf5 17. Be4 Qh3 18. Nc7 Bb7 19. Nxa8 Bxa8 20. O-O-O cxd4 21. Nxd4
1-0

[Event "Wch Juvenil 2010 sub18"]
[Site "Porto Carras GRE"]
[Date "2010.10.24"]
[Round "5.4"]
[White "Mazur, Stefan"]
[Black "Cruz, Cristhian"]
[Result "1-0"]
[WhiteElo "2402"]
[BlackElo "2497"]
[PlyCount "59"]
[EventDate "2010.10.20"]
[EventType "swiss"]
[EventRounds "11"]
[EventCountry "GRE"]
[Source "lmi"]
[SourceDate "2010.10.20"]

1. e4 c5 2. Nf3 d6 3. d4 Nf6 4. Nc3 cxd4 5. Nxd4 a6 6. f4 e5 7. Nf3 Nbd7 8. a4
Be7 9. Bd3 O-O 10. O-O exf4 11. Bxf4 Qb6+ 12. Kh1 Qxb2 13. Nd5 Nxd5 14. exd5
Qb6 15. Qe2 Bf6 16. Rab1 Qc7 17. Bg5 g6 18. Bh6 Nc5 19. Bxf8 Kxf8 20. Nd2 Bg7
21. Rbe1 Kg8 22. Qe8+ Bf8 23. Ne4 Nxe4 24. Rxe4 Rb8 25. Rc4 Qd7 26. Qxd7 Bxd7
27. a5 b6 28. Rc7 Bb5 29. Bxb5 axb5 30. a6 1-0